Pokémon GO: Highest CP Bug-type Pokémon - Statistics

General Stats
  • This quiz has been taken 98 times
    86 since last reset
  • The average score is 14 of 20
Answer Stats
Max CP Answer % Correct
3824 Mega Beedrill
90%
4621 Mega Scizor
88%
3393 Scizor
86%
4728 Mega Pinsir
82%
3060 Scyther
78%
3506 Heracross
76%
3345 Pinsir
76%
4106 Volcarona
74%
3912 Buzzwole
72%
3213 Pheromosa
68%
3330 Yanmega
66%
3524 Vikavolt
64%
3575 Golisopod
60%
3220 Armaldo
58%
3791 Genesect
58%
3557 Kleavor
58%
2917 Leavanny
56%
2874 Crustle
54%
3266 Escavalier
52%
3007 Durant
48%
No matching quizzes found
Score Distribution
Percent of People with Each Score
Percentile by Number Answered
Your Score History
You have not taken this quiz since the last reset